MDQL
is popping MORE tags! Check the
thread
!
Quizzes
Events
Quiz Creation
Community
Videos
Private Events
Remove Ads
Sign In
Join for FREE
Feedback
Dark Mode
Quiz Categories
Sports
Geography
Music
Movies
Television
Just For Fun
Miscellaneous
History
Literature
Language
Science
Gaming
Entertainment
Religion
Holiday
For Kids
Quiz Lab
Recent
Popular Today
Quiz Kudos Today
Editor Picks
Curator Picks
Quizzes by...
Day
Popularity
Type
Ratings
Length
Year
Community
Subscriptions
Recent Discussions
Orange Saloon
Badges
Playlists
Quests
Create
Leaderboards
Showdown
Live 5
Trivia Bingo
Activity
Puzzle Library
Sporcle Events
Private Events
Virtual Trivia
Globe League
Become a Host
Pub Owners
SporcleCon
Opinionation
Our Games
Videos
Blog
Mobile Apps
Partnerships
Remove Ads and Go Orange
Feedback
Music
Pop Music
The Beatles
Song
Album
Lyrics
Bands
Singers
Artist
Clip
Rock
Rap
Classical
Billboard
Country Music
Kpop
Taylor Swift
Music
Pop Music
The Beatles
Song
Album
Lyrics
Bands
Singers
Artist
Clip
Rock
Rap
Classical
Billboard
Country Music
Kpop
Taylor Swift
Random Quiz
Search Sporcle
×
Quiz Lab
Quiz Lab
Music
Glee
Type in answers that appear in a list
Type in answers that appear in a list
Classic
Best Score? Go Orange.
Guess the Glee lyrics Stats
Can you name the lyrics to this Glee performance?
By
dwtsfanatic
10m
211 Questions
493 Plays
493 Plays
493 Plays
Comments
Comments
Give Quiz Kudos
Give Quiz Kudos
-
- Ratings
hide this ad
Replay
Link that replays current quiz
Next Quiz
Link to next quiz in quiz playlist
You Got
0%
They Got
Avg Score
48%
Avg Friend Score
Upgrade to see
Score Distribution
Jump to the score distribution portion of the page
Score
0/211
Timer
10:00
0
Plays Today
Lyrics
% Correct
Aaaaaaah
95.1%
Aaaaaaah
95.1%
and
95.1%
the
95.1%
the
95.1%
the
95.1%
and
95.1%
a
95.1%
and
95.1%
the
95.1%
a
95.1%
and
95.1%
a
95.1%
and
95.1%
a
95.1%
and
95.1%
and
95.1%
the
95.1%
Aaaaaaah
95.1%
Aaaaaaah
95.1%
I
94.9%
I
94.9%
I
94.9%
I
94.9%
I
94.9%
I
94.9%
I
94.9%
I
94.9%
I
94.9%
you
86.2%
you
86.2%
me
74.2%
me
74.2%
me
74.2%
me
74.2%
me
74.2%
it
71.4%
to
68.4%
to
68.4%
to
68.4%
to
68.4%
he
64.7%
he
64.7%
he
64.7%
so
63.5%
so
63.5%
my
61.9%
my
61.9%
my
61.9%
my
61.9%
in
60.4%
in
60.4%
on
59.4%
don't
58%
don't
58%
don't
58%
she
55.2%
she
55.2%
she
55.2%
she
55.2%
of
52.9%
of
52.9%
we're
52.7%
get
52.7%
were
52.7%
what
52.3%
see
51.9%
for
51.7%
just
51.1%
just
51.1%
when
50.5%
Lyrics
% Correct
can't
50.1%
that
50.1%
her
49.5%
her
49.5%
her
49.5%
her
49.5%
his
48.3%
like
48.3%
I've
47.9%
this
47.3%
got
47.1%
got
47.1%
got
47.1%
had
43.8%
gonna
43%
gonna
43%
up
41.6%
up
41.6%
all
41%
much
40.2%
there
40.2%
come
40%
him
40%
him
40%
wasn't
39.6%
out
39.6%
out)
39.6%
out
39.6%
wait
39.4%
said
38.9%
said
38.9%
with
38.9%
said
38.9%
please
38.7%
please
38.7%
then
38.7%
then
38.7%
at
38.3%
dad
38.1%
he's
38.1%
he's
38.1%
he's
38.1%
he's
38.1%
run
37.5%
run
37.5%
run
37.5%
run
37.5%
run
37.5%
run
37.5%
run
37.5%
run
37.5%
run
37.5%
run
37.5%
fault
37.1%
means
37.1%
make
37.1%
daddy
36.9%
daddy
36.9%
(chorus)
36.9%
(chorus)
36.9%
never
36.7%
married
36.3%
every
36.1%
eyes
35.7%
eyes
35.7%
down
35.7%
Joe
35.5%
Joey
35.3%
Joey
35.3%
Joey
35.3%
Joey
35.3%
Lyrics
% Correct
Joey
35.3%
Joey
35.3%
Joey
35.3%
Joey
35.3%
over
35.1%
going
35.1%
way
34.5%
night
33.9%
night
33.9%
gun
33.7%
gun
33.7%
fight
32.5%
saw
32.5%
saw
32.5%
we've
32.3%
car
32%
done
31.8%
close
30.8%
Julie
30.8%
Julie
30.8%
close
30.8%
Julie
30.8%
mad
30.6%
seen
30.4%
door
29.4%
cry
29.2%
drove
29.2%
late
29%
ran
28.8%
ran
28.8%
pay
28.6%
shot
28.6%
crazy
28.4%
hands
28.4%
called
28.2%
last
28.2%
same
28%
dream
28%
face
28%
words
28%
red
27.8%
here's
27.8%
'til
27.6%
Julie's
27.4%
Julie's
27.4%
front
27.4%
God
27.2%
looked
26.8%
hate
26%
stormed
26%
old
25.8%
falling
25.6%
held
25.6%
once
25.4%
sound
24.9%
place
24.9%
act
24.5%
(watch
24.1%
reached
23.9%
rang
23.5%
bruises
23.3%
suddenly
23.1%
erase
22.5%
memory
22.3%
tear-filled
22.1%
behind
21.9%
stepped
21.9%
yelled
20.9%
sneakin'
18.9%
Quiz Playlist
Details
Report
Send in Message
Add To Playlist
Classic:
Type in answers that appear in a list
Last Updated: Feb 16, 2017
Quiz Scoreboard
CHALLENGE
Sign Up to Join the Scoreboard
Show All
Scores
Hide
Comments
May contain spoilers
Recently Published
1-10 Letter E Words III
by El_Dandy
Language
2m
Street Fighter Characters
by Artimus82
Gaming
60s
College Basketball Coaching Resumes
by pancakes188
Sports
9m
More to Explore
Quiz From the Vault
Featured Blog Post
Where Did the Easter Bunny Come From?
hide this ad
You Might Also Like...
Tags
Glee
Performance
Today's Top Quizzes in Music
Browse Music
hide this ad
Today's Top Quizzes in Glee
Browse Glee
Top Contributed Quizzes in Music
1
Taylor Swift All Songs (2024)
2
Taylor Swift Logic Puzzle
3
Guess the Artist- 70s Songs
4
7-to-1: Billboard Hot 100 #1 Hits of 2010s
5
Sorting Albums and Songs
6
KPOP LOGIC QUIZ
7
Billboard Blitz: Aretha Franklin
8
Guess the Taylor Swift song (Mystery Song)
9
Guess The Taylor Swift Lyrics Song #1
10
Billboard Blitz: ABBA
Explore More
Trending Topics
Kpop
Anime
NBA
Crossword
Disney
Marvel
Harry Potter
Soccer
Pokémon
Country
NFL
Puzzle
Song
The Office
WWE
hide this ad
More By:
dwtsfanatic
Quiz
Plays
Rating
Category
Featured
Created
Glee lyrics!
2,031
4.11
Music
Dec 30, 2011
Glee Chain
1,212
3.00
Television
Jan 15, 2012
Glee Ships
673
3.00
Television
Dec 28, 2011
Glee lyrics
621
5.00
Music
Dec 29, 2011
Guess the Glee Lyrics
593
5.00
Television
Jun 20, 2012
Go to Creator's Profile
Score Distribution
Quiz Creator Spotlight
dwtsfanatic
Follow
Send a Message
Quizzes Created
-
Created Quiz Play Count
-
More By This Creator
Popular Quizzes Today
1
Find the US States - No Outlines Minefield
2
Find the Countries of Europe - No Outlines Minefield
3
The Countries of the World
4
Find the US States
5
Risky Map Clicking: Biggest States A-Z
6
US States
7
Popular People in 1961
8
Movies - When Are They Set?
More Music Quizzes
'My Hero' Lyrics
Published
Trending Quizzes
Risky Map Clicking: Least Populous States A-Z
1-10 Letter G Words
USA Borders Longest to Shortest
1-10 Letter F Words
Countries of the World: 200 Million BC
Recently Updated
Leaping Animals
pecheneg
Reality TV Shows (A-Z)
bhenderson79
Rickey Henderson's Hall of Fame Teammates
pecheneg
Champions League XIs: Arsenal
pecheneg
Quick Pick: Celebrities in WWE's Hall of Fame
aduchscher
A-Z Keypad Blitz II
pecheneg
Multiple Oscar Actors
pecheneg
Mystery Phrase Blitz: Oscar 'Best Actors'
pecheneg
F. Scott Fitzgerald Novels
LTH
Pick 3 Villains
ddd62291
Trending Topics
Harry Potter
Crossword
Anime
Kpop
Marvel
Disney
NBA
Country
Soccer
WWE
The Office
NFL
Puzzle
Pokémon
Song
Your Account Isn't Verified!
In order to create a playlist on Sporcle, you need to verify the email address you used during registration. Go to your
Sporcle Settings
to finish the process.
Report this User
Report this user for behavior that violates our
Community Guidelines
.
Details:
Send Report
Go to the Sporcle.com Mobile Site →
Comments